Eurovision Winning Songs - Sudden Death - Statistics

General Stats
  • This quiz has been taken 3,023 times
    1,995 since last reset
  • The average score is 16 of 24
Answers on the Grid
Answers color-coded by a green-red scale on the quiz's grid according to % correct below.
The Code
Tattoo
Stefania
Zitti e buoni
Arcade
Toy
Amar pelos dois
1944
Heroes
Rise Like a Phoenix
Only Teardrops
Euphoria
Running Scared
Satellite
Fairytale
Believe
Molitva
Hard Rock Hallelujah
My Number One
Wild Dances
Everyway That I Can
I Wanna
Everybody
Wasted Love
Fuego
Spirit in the Sky
We Are the Winners
Grande Amore
Think About Things
Dancing Lasha Tumbai
Hold Me Closer
Is It True?
Sound of Silence
Space Man
Dark Side
Snap
SloMo
Cha Cha Cha
Voilà
Soldi
Scream
Beautiful Mess
Moj svijet
Kedvesem
We Could Be The Same
Mata Hari
Runaway
Not Alone
 
Answer Stats
Answer % Correct
Euphoria
82%
Fairytale
80%
Tattoo
80%
Zitti e buoni
79%
Arcade
77%
Rise Like a Phoenix
77%
Toy
77%
Hard Rock Hallelujah
75%
Heroes
75%
The Code
75%
Satellite
71%
Stefania
71%
1944
69%
Wasted Love
69%
Only Teardrops
66%
Amar pelos dois
60%
Wild Dances
60%
Molitva
59%
My Number One
59%
Running Scared
55%
Everyway That I Can
51%
Believe
47%
I Wanna
44%
Everybody
40%
No matching quizzes found
Score Distribution
Percent of People with Each Score
Percentile by Number Answered
Your Score History
You have not taken this quiz since the last reset